[Event "entre amis"]
[Site "http://www.queenalice.com/game.php?id=1147833"]
[Date "2013.2.1"]
[Round "-"]
[White "Daniel49"]
[Black "nonalors"]
[Result "1-0"]
[WhiteElo "1213"]
[BlackElo "1553"]

1. Nf3 d5 2. c4 dxc4 3. Nc3 Bg4 4. Qa4+ Nc6 5. Qxc4 Bxf3 6. gxf3 f6 7. d3 Na5 8.
Qb5+ Nc6 9. Qxb7 Nd4 10. Rb1 e5 11. Qe4 Nh6 12. f4 Nf7 13. Qg2 Bb4 14. Qc6+ Nxc6
15. e4 1-0

[Event "Allons-y"]
[Site "http://www.queenalice.com/game.php?id=1151238"]
[Date "2013.2.12"]
[Round "-"]
[White "nonalors"]
[Black "Daniel49"]
[Result "1-0"]
[WhiteElo "1511"]
[BlackElo "1256"]

1. d4 d5 2. f4 f5 3. Nf3 Nc6 4. a3 Nf6 5. Nc3 Nd7 6. Qd3 e6 7. Ne5 Nb6 8. Qh3
Nxd4 9. Qd3 c5 10. Be3 c4 11. Qd2 h6 12. Ng6 Rh7 13. O-O-O Qf6 14. Bxd4 Qxg6 15.
g3 Bd6 16. Bxb6 axb6 17. Qe3 Ra6 18. Rxd5 b5 19. Nxb5 Be7 20. Nc7+ Kf8 21. Rd2
Ra4 22. Bg2 Qf6 23. Rhd1 c3 24. Qxc3 e5 25. Nd5 Qa6 26. Nxe7 Kxe7 27. Qc5+ Kf7
28. Qxc8 Qe6 29. Rd7+ Kf6 30. R7d6 Qxd6 31. Rxd6+ Kf7 32. Qc7+ Kf8 33. Rd8# 1-0

[Event "Challenge"]
[Site "http://www.queenalice.com/game.php?id=1151584"]
[Date "2013.2.13"]
[Round "-"]
[White "Daniel49"]
[Black "nonalors"]
[Result "1/2-1/2"]
[WhiteElo "1237"]
[BlackElo "1522"]

1. Nc3 Nf6 2. e4 e5 3. Bc4 c6 4. Qe2 Bb4 5. a3 Bxc3 6. dxc3 d5 7. exd5 Nbd7 8.
d6 Qa5 9. b4 Qb6 10. g3 O-O 11. Qf3 Re8 12. Be3 Qd8 13. Nh3 Nb6 14. Bb3 Qxd6 15.
Ng5 Re7 16. Bc5 e4 17. Bxd6 exf3+ 18. Bxe7 Bh3 19. Bxf7+ Kh8 20. Ne6 Bxe6 21.
Bxe6 Re8 22. Rd1 Nfd5 23. Bxd5 Rxe7+ 24. Be4 g6 25. Rd4 Na4 26. Rd8+ Kg7 27. Kd2
Nc5 28. bxc5 Rxe4 29. Rd7+ Kh6 30. Kc1 Ra4 31. Re1 Rxa3 32. Ree7 Rxc3 33. Rxh7+
Kg5 34. Rdf7 a5 35. h4+ Kg4 36. Rfg7 a4 37. h5 g5 38. Rxb7 Re3 39. Kd2 Re2+ 40.
Kd3 Rxf2 41. Rhe7 Kxg3 42. h6 Re2 43. h7 Rh2 44. Re8 f2 45. Rf8 Kg2 46. h8=Q
Rxh8 47. Rxf2+ Kxf2 48. Rf7+ Kg3 49. Ra7 a3 50. Rxa3 Kf2 51. Ra6 Rd8+ 52. Kc3
Rc8 53. Ra7 g4 54. Rf7+ Kg3 55. Kd3 Re8 56. Rf6 Rc8 57. Ke3 Re8+ 58. Kd2 Rd8+
59. Ke1 Kg2 60. Rxc6 Rf8 61. Rg6 g3 62. c6 Rf1+ 63. Ke2 Rf2+ 64. Ke1 Rxc2 65.
Kd1 Rc5 66. Kd2 Kf2 67. Rd6 g2 68. Rf6+ Kg1 69. Kd3 Kh2 70. Kd4 Rc1 71. Rh6+ Kg3
72. Rg6+ Kf2 73. Kd5 g1=Q 74. Rxg1 Rxg1 75. Kd6 Rd1+ 76. Kc7 Ke3 77. Kb7 Kd4 78.
c7 Rb1+ 79. Kc6 Rc1+ 80. Kd7 Kd5 81. c8=Q Rxc8 82. Kxc8 Kc6 1/2-1/2

[Event "Pour le plaisir"]
[Site "http://www.queenalice.com/game.php?id=1155883"]
[Date "2013.2.27"]
[Round "-"]
[White "nonalors"]
[Black "Daniel49"]
[Result "1-0"]
[WhiteElo "1517"]
[BlackElo "1250"]

1. d4 d5 2. c4 c5 3. e3 Na6 4. Nc3 dxc4 5. Bxc4 Nb4 6. Nf3 e6 7. dxc5 Qc7 8. a3
Nc6 9. Nb5 Qa5+ 10. Bd2 Qd8 11. O-O Bxc5 12. Bb4 Qxd1 13. Rfxd1 Bb6 14. Nd6+ Ke7
15. Nxc8+ Kf6 16. Bc3+ e5 17. Rd6+ Kf5 18. Nh4+ Ke4 19. Rxc6 bxc6 20. Nd6# 1-0

[Event "Open bar"]
[Site "http://www.queenalice.com/game.php?id=1157129"]
[Date "2013.3.3"]
[Round "-"]
[White "nonalors"]
[Black "Daniel49"]
[Result "0-1"]
[WhiteElo "1511"]
[BlackElo "1248"]

1. d4 d5 2. e3 Nf6 3. Nf3 Ne4 4. Bd3 e5 5. Bxe4 dxe4 6. Nxe5 f6 7. Nc4 b5 8.
Ncd2 Nc6 9. Nxe4 f5 10. Nc5 Qd5 11. Nc3 Qxg2 12. Rf1 Qxh2 13. Qf3 Qh6 14. Nxb5
Rb8 15. Nxc7+ Kd8 16. Rh1 Qf6 17. Nd5 Qg6 18. Nf4 Qd6 19. a3 Be7 20. Qg2 g5 21.
Nh5 Rg8 22. Bd2 Rxb2 23. O-O-O Ra2 24. Bc3 Rxa3 25. Bb4 Nxb4 26. Qa8 Kc7 27. Ng3
Qb6 28. Qe4 Na2+ 29. Kd2 Qb4+ 30. Ke2 Nc3+ 31. Kf1 fxe4 32. Ngxe4 Nxd1 33. Kg2
Nc3 34. Nxc3 Qxc3 35. Rc1 Rf8 36. Ne4 Qb2 0-1

[Event "Daniel  vs Philippe"]
[Site "http://www.queenalice.com/game.php?id=1157130"]
[Date "2013.3.3"]
[Round "-"]
[White "Daniel49"]
[Black "nonalors"]
[Result "0-1"]
[WhiteElo "1275"]
[BlackElo "1484"]

1. d4 d5 2. Nf3 c5 3. c3 Nc6 4. Ng5 Be6 5. Qd3 Nf6 6. Bf4 c4 7. Qc2 g6 8. h4 Bf5
9. e4 dxe4 10. Qd2 Bg7 11. Nh3 O-O 12. d5 Na5 13. d6 e6 14. b4 Nc6 15. Na3 Nd5
16. Bg5 Qxd6 17. Nb5 Qe5 18. Bxc4 h6 19. Nc7 Qxc7 20. Bf4 Qe7 21. b5 Na5 22. Be2
Bxc3 23. Bxh6 Bxd2+ 24. Kf1 Rfc8 25. g4 Bxh6 26. g5 Bg7 27. h5 Bxh3+ 28. Rxh3
Qxg5 29. hxg6 Qxg6 30. f3 Ne3+ 31. Kf2 Qg2+ 32. Kxe3 exf3 33. Rah1 Qxe2+ 34. Kf4
Qxb5 35. Kxf3 Rc3+ 36. Kg2 Qb2+ 37. Kg1 Rc1# 0-1

[Event "Challenge"]
[Site "http://www.queenalice.com/game.php?id=1157131"]
[Date "2013.3.3"]
[Round "-"]
[White "zmanomega"]
[Black "nonalors"]
[Result "1-0"]
[WhiteElo "1586"]
[BlackElo "1492"]

1. d4 d5 2. e3 Nc6 3. Bb5 Bd7 4. c3 f5 5. f4 Na5 6. Bxd7+ Qxd7 7. Na3 Nf6 8. Nf3
Nc4 9. Nxc4 dxc4 10. Ng5 e6 11. h3 g6 12. O-O O-O-O 13. Re1 h6 14. Nf3 Qc6 15.
b3 Bd6 16. b4 Rde8 17. a4 Ne4 18. Ra3 Ng3 19. b5 Qe4 20. Ra2 b6 21. a5 bxa5 22.
Rxa5 Rd8 23. Kf2 Nh5 24. Rxa7 Kd7 25. Qa4 Ke7 26. b6 Ra8 27. Rxa8 Rxa8 28. Qxc4
Qc2+ 29. Nd2 g5 30. Qe2 Ra1 31. Qxh5 Rxc1 32. Qe2 gxf4 33. Rxc1 Qxc1 34. e4 fxe4
35. Nxe4 cxb6 36. Nd2 Qxc3 37. d5 e5 38. Ne4 Qd4+ 39. Kf3 Qxd5 40. g4 Qb3+ 41.
Kf2 Bc5+ 42. Nxc5 bxc5 43. Qxe5+ Kd7 44. Qg7+ Ke8 45. Qe5+ Kf7 46. Qxf4+ Ke6 47.
Qxh6+ Kd7 48. Qg7+ Kc6 49. Qg6+ Kd5 50. Qg8+ 1-0

[Event "En avant"]
[Site "http://www.queenalice.com/game.php?id=1159811"]
[Date "2013.3.10"]
[Round "-"]
[White "nonalors"]
[Black "Daniel49"]
[Result "1-0"]
[WhiteElo "1480"]
[BlackElo "1267"]

1. e4 e5 2. Nf3 d6 3. d4 Nf6 4. Bc4 Nxe4 5. O-O d5 6. Nc3 Bf5 7. Nxd5 c6 8. Ne3
Bd7 9. Nxe5 Qg5 10. Nxf7 Qg6 11. Nxh8 b5 12. Bd3 Qf6 13. Bxe4 h5 14. Bg6+ Ke7
15. d5 a5 16. dxc6 Nxc6 17. Nd5+ Ke6 18. Nxf6 Kxf6 19. Qf3+ Ke7 20. Bg5+ Ke6 21.
Rfe1+ Kd6 22. Qf4+ Ne5 23. Nf7+ Kc5 24. Rxe5+ Kc6 25. Be4+ Kc7 26. Re8+ Bd6 27.
Qxd6# 1-0

[Event "Prudence"]
[Site "http://www.queenalice.com/game.php?id=1159812"]
[Date "2013.3.10"]
[Round "-"]
[White "Daniel49"]
[Black "nonalors"]
[Result "1-0"]
[WhiteElo "1260"]
[BlackElo "1487"]

1. Nc3 Nf6 2. Nf3 d5 3. d4 e6 4. e3 c5 5. dxc5 Bxc5 6. Ne5 O-O 7. f3 Nc6 8. f4
Ne4 9. Qh5 Nxc3 10. bxc3 Nxe5 11. fxe5 Qb6 12. Be2 Bxe3 13. Ba3 Bc5 14. Bd3 g6
15. Qh6 Bf2+ 16. Kf1 Bc5 17. Bc1 f6 18. Bxg6 fxe5+ 19. Ke1 Bf2+ 20. Kd2 Qc7 21.
Bd3 e4 22. Be2 Qc5 23. Qg5+ Kh8 24. Bb2 e3+ 25. Kc1 b6 26. c4+ d4 27. Qh6 Bb7
28. Rd1 e5 29. g4 Ba6 30. g5 Rad8 31. g6 Rf6 32. Qxh7# 1-0

[Event "17mars13"]
[Site "http://www.queenalice.com/game.php?id=1162013"]
[Date "2013.3.17"]
[Round "-"]
[White "nonalors"]
[Black "Daniel49"]
[Result "1-0"]
[WhiteElo "1462"]
[BlackElo "1285"]

1. b4 Nc6 2. b5 Nb4 3. c3 Nd5 4. e3 b6 5. d4 Ngf6 6. Qf3 g6 7. Bc4 e6 8. e4 Ne7
9. e5 Nh5 10. Qxa8 Nc6 11. Nf3 Bb7 12. Qxd8+ Kxd8 13. Ng5 Rg8 14. Nxf7+ Ke7 15.
Nh6 Rg7 16. Bg5+ Ke8 17. bxc6 d5 18. cxb7 Kd7 19. b8=Q Kc6 20. Qe8+ Kb7 21. Qxe6
Re7 22. Qxd5+ c6 23. Qd6 b5 24. Bxe7 Bxh6 25. Qd7+ Kb6 26. Bd8+ 1-0

[Event "Suite du 17.03.13"]
[Site "http://www.queenalice.com/game.php?id=1162115"]
[Date "2013.3.18"]
[Round "-"]
[White "Daniel49"]
[Black "nonalors"]
[Result "0-1"]
[WhiteElo "1323"]
[BlackElo "1447"]

1. Nc3 Nf6 2. Nf3 d5 3. d4 e6 4. Qd3 Nc6 5. Bf4 Nb4 6. Qd2 Ne4 7. a3 Nc6 8. Nxe4
dxe4 9. Ne5 Nxe5 10. Bxe5 b6 11. Qe3 Bb7 12. f4 exf3 13. gxf3 f6 14. Bg3 Bd6 15.
Qxe6+ Be7 16. Bh3 Bd5 17. Qg4 g5 18. e4 Bf7 19. Rd1 Bg6 20. d5 O-O 21. Qe6+ Bf7
22. Qc6 Be8 23. Qe6+ Bf7 24. Qf5 Bc5 25. e5 Re8 26. b4 Bd6 27. f4 gxf4 28. Qxf4
Rxe5+ 29. Kf1 Re1+ 30. Rxe1 Bxf4 31. Bxf4 c5 32. Rg1+ Bg6 33. Re6 Qxd5 34. Rxf6
Qd1+ 35. Kf2 Qxc2+ 36. Ke1 Re8+ 37. Be6+ Kh8 38. Be5 Qe4+ 39. Kf1 Qxe5 40. Rgxg6
hxg6 41. Rxg6 Rxe6 42. Rxe6 Qxe6 43. bxc5 Qc4+ 44. Kg2 Qxc5 45. h3 Qxa3 46. h4
b5 47. h5 b4 0-1

[Event "Challenge"]
[Site "http://www.queenalice.com/game.php?id=1164154"]
[Date "2013.3.24"]
[Round "-"]
[White "nonalors"]
[Black "Daniel49"]
[Result "0-1"]
[WhiteElo "1471"]
[BlackElo "1276"]

1. e3 Nf6 2. Nc3 Nc6 3. d4 e6 4. Bd3 d5 5. Nf3 Bd6 6. O-O a6 7. Re1 b5 8. e4
dxe4 9. Bxe4 Qd7 10. Bd5 Bb7 11. Bxc6 Qxc6 12. Bg5 Ng4 13. g3 h6 14. d5 Qc4 15.
dxe6 f6 16. Nd2 Qc6 17. Bf4 Qg2# 0-1

[Event "joyeuses pâques"]
[Site "http://www.queenalice.com/game.php?id=1166036"]
[Date "2013.3.29"]
[Round "-"]
[White "nonalors"]
[Black "Daniel49"]
[Result "1-0"]
[WhiteElo "1458"]
[BlackElo "1312"]

1. e4 e5 2. Nf3 Nc6 3. d4 d6 4. d5 Nf6 5. Nc3 Nb4 6. Bb5+ Bd7 7. Bg5 a6 8. Bxd7+
Qxd7 9. O-O h6 10. Bxf6 gxf6 11. a3 Nxd5 12. exd5 e4 13. Re1 f5 14. Nd4 Bg7 15.
Qh5 c5 16. Nxf5 O-O-O 17. Nxg7 Rhg8 18. Qxh6 f5 19. Ne6 b5 20. Nxd8 Rxd8 21. Re3
b4 22. axb4 cxb4 23. Ne2 Qc7 24. Qe6+ Kb7 25. Nd4 Rg8 26. Qxg8 Qxc2 27. Qf7+ Kb6
28. Rb3 Qd2 29. Qf6 Qxd4 30. Qxd6+ Kb5 31. Qc6# 1-0

[Event "Challenge"]
[Site "http://www.queenalice.com/game.php?id=1166756"]
[Date "2013.3.31"]
[Round "-"]
[White "nonalors"]
[Black "Daniel49"]
[Result "1-0"]
[WhiteElo "1468"]
[BlackElo "1286"]

1. d4 Nf6 2. f4 e6 3. Nc3 b6 4. Nf3 d5 5. Ne5 Bb7 6. e3 Ng8 7. Qh5 g6 8. Qe2 f6
9. Nf3 Bd6 10. Qb5+ c6 11. Qd3 Ne7 12. g4 Na6 13. Na4 b5 14. Nc5 Nxc5 15. dxc5
Bxc5 16. Bg2 h5 17. g5 f5 18. Ne5 Qa5+ 19. Bd2 Qa4 20. b3 Qa3 21. Bc1 Qb4+ 22.
Bd2 Qa3 23. Bc1 Qb4+ 24. Bd2 Qa3 25. Bc1 Qa5+ 26. Bd2 b4 27. a4 Ba6 28. c4 dxc4
29. bxc4 Rd8 30. Qe2 Qc7 31. O-O h4 32. h3 Rb8 33. Nd3 Bb6 34. Nxb4 Bb7 35. Bc3
Rf8 36. Be5 Qd8 37. Bxb8 Qxb8 38. Rad1 c5 39. Nd3 Kf7 40. Ne5+ Ke8 41. Nc6 Nxc6
42. Qd3 e5 43. Qd7# 1-0

[Event "Pâques en retard"]
[Site "http://www.queenalice.com/game.php?id=1169024"]
[Date "2013.4.7"]
[Round "-"]
[White "Daniel49"]
[Black "nonalors"]
[Result "0-1"]
[WhiteElo "1277"]
[BlackElo "1477"]

1. Nc3 Nf6 2. Nf3 d5 3. d4 Nc6 4. h4 Bg4 5. Nh2 e5 6. f3 Bd7 7. Be3 Bb4 8. a3
Bxc3+ 9. bxc3 O-O 10. g3 Re8 11. Qd3 e4 12. fxe4 dxe4 13. Bg2 exd3 14. cxd3 Ng4
15. Nxg4 Bxg4 16. Rf1 Rxe3 17. Rf2 Qe7 18. Kd2 Rxe2+ 19. Rxe2 Qxe2+ 20. Kc1 Qd1+
21. Kb2 Qe2+ 0-1

[Event "14avril13"]
[Site "http://www.queenalice.com/game.php?id=1171771"]
[Date "2013.4.15"]
[Round "-"]
[White "nonalors"]
[Black "Daniel49"]
[Result "1-0"]
[WhiteElo "1485"]
[BlackElo "1285"]

1. d4 d5 2. Nf3 Nf6 3. Nc3 Qd6 4. Bd2 Ne4 5. e3 Bg4 6. Be2 Qc6 7. Ne5 Qb6 8.
Nxg4 Qxb2 9. Nxd5 Kd8 10. Ne5 Kc8 11. Nxf7 Rg8 12. Bg4+ Nd7 13. Bxd7+ Kxd7 14.
Qg4+ e6 15. Qf4 Nf6 16. Qxc7+ Ke8 17. O-O Nxd5 18. Nd6+ Bxd6 19. Qxd6 Ne7 20.
Bb4 Kf7 21. Qxe7+ Kg6 22. Qxe6+ Kg5 23. f4+ Kh4 24. Be1+ Kh5 25. Qf5+ Kh6 26.
Qg5# 1-0

[Event "Challenge"]
[Site "http://www.queenalice.com/game.php?id=1173314"]
[Date "2013.4.19"]
[Round "-"]
[White "Daniel49"]
[Black "nonalors"]
[Result "1-0"]
[WhiteElo "1277"]
[BlackElo "1493"]

1. Nf3 Nc6 2. Nc3 d5 3. e4 d4 4. Ne2 e5 5. Ng3 Nf6 6. d3 Bb4+ 7. Bd2 Bxd2+ 8.
Qxd2 Bg4 9. Ng5 O-O 10. h3 Be6 11. c3 dxc3 12. Qxc3 Nh5 13. Nxh5 Qxg5 14. Ng3
Rfd8 15. h4 Qg4 16. h5 Rd7 17. Qd2 Nd4 18. Qd1 Qxd1+ 19. Rxd1 Bg4 20. f3 Nxf3+
21. Kf2 Rad8 22. gxf3 Be6 23. h6 g6 24. f4 Bc4 25. fxe5 Bxa2 26. e6 fxe6 27. e5
Bb3 28. Rd2 Rd4 29. Ne4 Rf8+ 30. Nf6+ Kh8 31. Ke3 Rb4 32. Ne4 Bd5 33. d4 Rb3+
34. Nc3 Rf3+ 35. Ke2 Rf4 36. Nxd5 exd5 37. Rd3 Re4+ 38. Kf3 Rxd3+ 39. Bxd3 Rxd4
40. Ke3 Rb4 41. Rf1 Kg8 42. e6 d4+ 43. Ke4 Rb6 44. e7 Re6+ 45. Kxd4 Rxe7 46.
Bc4+ Kh8 47. Rf8# 1-0

[Event "Derniere partie fin 15/07"]
[Site "http://www.queenalice.com/game.php?id=1181998"]
[Date "2013.5.16"]
[Round "-"]
[White "Daniel49"]
[Black "nonalors"]
[Result "0-1"]
[WhiteElo "1296"]
[BlackElo "1468"]

1. Nc3 Nf6 2. Nf3 d5 3. d4 e6 4. Qd3 Nc6 5. Be3 Nb4 6. Qd2 c5 7. a3 Nc6 8. g4
Nxg4 9. Bg5 Be7 10. Bh3 Bxg5 11. Nxg5 Nf6 12. Qe3 O-O 13. Qg3 Nxd4 14. Rd1 Nxc2+
15. Kd2 Nd4 16. Qd6 Ne4+ 17. Ncxe4 Nb3+ 18. Kc2 Nd4+ 19. Kd2 Nb3+ 20. Ke3 d4+
21. Kf3 f5 22. Nxe6 Qxd6 23. Nxd6 Bxe6 24. Bxf5 Bxf5 25. Nxf5 Rxf5+ 26. Ke4 Rf6
27. f4 Re8+ 28. Kd5 Rf5+ 29. Kc4 Na5+ 30. Kd3 Re3+ 31. Kd2 Nc4+ 32. Kc2 Rxf4 33.
Rhf1 Rxe2+ 34. Kd3 Rxf1 35. Kxe2 Rxd1 36. Kxd1 Nxb2+ 37. Kc2 Nc4 38. Kb3 b5 0-1

[Event "Challenge 2"]
[Site "http://www.queenalice.com/game.php?id=1182831"]
[Date "2013.5.20"]
[Round "-"]
[White "nonalors"]
[Black "Daniel49"]
[Result "1-0"]
[WhiteElo "1477"]
[BlackElo "1287"]

1. e4 e5 2. d4 Nc6 3. d5 Nd4 4. Nf3 Nb5 5. Bxb5 a6 6. Bd3 c5 7. dxc6 dxc6 8.
Nxe5 f6 9. Qh5+ g6 10. Nxg6 hxg6 11. Qxg6+ Kd7 12. Qg4+ Ke7 13. Qh4 Rxh4 14. Nc3
Qd4 15. Be3 Qe5 16. f4 Qh5 17. Be2 Qh6 18. g3 Rxh2 19. Rxh2 Qxh2 20. O-O-O Qxg3
21. Bc5+ Kf7 22. Bc4+ Ke8 23. Bxf8 Kxf8 24. Rd8+ Ke7 25. Rxg8 Qe1+ 26. Nd1 Qxe4
27. Rg7+ Kd6 28. Rg3 Qxf4+ 29. Re3 Qxc4 30. Rd3+ Kc7 31. b3 Qf4+ 32. Kb2 Bg4 33.
Ne3 Be2 34. Rc3 Rh8 35. Nd5+ Kb8 36. Nxf4 Re8 37. Ng6 b5 38. Rxc6 Bh5 39. Nf4
Bf3 40. Rxf6 Bb7 41. Rb6 Ka7 42. Rg6 Be4 43. Rg7+ Kb6 44. Nd3 Bxd3 45. cxd3 b4
46. Rg6+ Kb5 47. d4 Re2+ 48. Kc1 Re1+ 49. Kd2 1-0

[Event "Retrouvailles"]
[Site "http://www.queenalice.com/game.php?id=1196019"]
[Date "2013.7.1"]
[Round "-"]
[White "kuntakinte"]
[Black "nonalors"]
[Result "1-0"]
[WhiteElo "1770"]
[BlackElo "1483"]

1. e4 e5 2. Nf3 Nc6 3. d4 exd4 4. Nxd4 Qf6 5. c3 Bc5 6. Be3 Bxd4 7. cxd4 d6 8.
Bb5 Ne7 9. Nc3 O-O 10. a3 Bd7 11. e5 Qg6 12. g3 Bh3 13. Bd3 Qe6 14. Be4 dxe5 15.
d5 Nxd5 16. Bxd5 Qg4 17. Bf3 Qc4 18. Ne2 Rfe8 19. Rc1 Qa6 20. Nc3 Rad8 21. Qc2
Nd4 22. Qd1 Nf5 23. Qc2 Nxe3 24. fxe3 Rd3 25. Nd5 Rxd5 26. Bxd5 g6 27. Qxc7 Rf8
28. Qxe5 Qa5+ 29. Rc3 b6 30. b4 Qa6 31. Rc7 Be6 32. Bxe6 Qxa3 33. Bxf7+ Rxf7 34.
Qe8+ Rf8 35. Qe6+ Kh8 36. Qe5+ 1-0

[Event "OS INCLIVEIS"]
[Site "http://www.queenalice.com/game.php?id=1198294"]
[Date "2013.7.9"]
[Round "-"]
[White "adelio"]
[Black "nonalors"]
[Result "1-0"]
[WhiteElo "1836"]
[BlackElo "1485"]

1. d4 d5 2. e4 c6 3. e5 e6 4. h4 Ne7 5. Bg5 h6 6. Bxe7 Bxe7 7. Nf3 O-O 8. Nbd2
Nd7 9. Bd3 b6 10. g4 c5 11. h5 c4 12. Nxc4 Re8 13. Nd6 Bxd6 14. exd6 Nf6 15. g5
Ng4 16. gxh6 Nxh6 17. Rg1 Qxd6 18. Ne5 Qb4+ 19. Kf1 Qxb2 20. Nxf7 Nxf7 21. Rxg7+
Kf8 22. Bg6 Kxg7 23. Rb1 Qxa2 24. Rb3 Ba6+ 25. Kg1 Rec8 26. Rg3 Kf8 27. Bxf7
Kxf7 28. Qf3+ Ke7 29. Rg7+ Kd6 30. Qf4+ Kc6 31. Qd2 Rg8 32. Qc3+ Bc4 33. Rxg8
Rxg8+ 34. Kh2 Qb1 35. Qf3 Qg1+ 36. Kh3 1-0